Further evidence on the robustness of the Tobit estimator to heteroskedasticity (Registro nro. 26251)

Detalles MARC
000 -LEADER
fixed length control field 00399 a2200121 4500
001 - CONTROL NUMBER
control field ART_12303
005 - DATE AND TIME OF LATEST TRANSACTION
control field 20260410161905.0
008 - FIXED-LENGTH DATA ELEMENTS--GENERAL INFORMATION
fixed length control field 260409a
100 1# - MAIN ENTRY--PERSONAL NAME
Personal name Schmidt, Peter
245 10 - TITLE STATEMENT
Title Further evidence on the robustness of the Tobit estimator to heteroskedasticity
700 1# - ADDED ENTRY--PERSONAL NAME
Personal name Arabmazar, Abbas
773 0# - HOST ITEM ENTRY
Title Journal of econometrics
Related parts - Vol. 17, Nº 2 (nov. 1981)
Record control number REV11720

No hay ítems disponibles.